Are You In Gryffindor? Quiz Stats

Quiz not verified by Sporcle

Challenge
Share
Tweet
Embed
Score 0/7 Timer 10:00
0 Plays Today
Question Answer Wrong Answers
How would you use your magic? to fight the bad
78.8%
to heal
8.2%
to invent
9.4%
to jinx
3.5%
What is your favorite animal? lion
78.8%
badger
5.9%
snake
4.7%
eagle
10.6%
What do you look for in a friend? loyal
76.5%
does what you say
5.9%
friendly
17.6%
smart
0%
Favorite color? red
69.4%
black
4.7%
blue
21.2%
yellow
4.7%
What interests you the most? exploring
64.7%
reading
15.3%
playing jokes
8.2%
talking with friends
11.8%
How would you describe yourself? brave
61.2%
hard-working
10.6%
sneaky
3.5%
witty
24.7%
How would you like to be known in history? bold
58.8%
wise
22.4%
nice
7.1%
powerful
11.8%

You're not logged in!

Compare scores with friends on all Sporcle quizzes.
Sign Up with Email
OR
Log In

You Might Also Like...

Show Comments

Extras

Top Quizzes Today


Score Distribution

Your Account Isn't Verified!

In order to create a playlist on Sporcle, you need to verify the email address you used during registration. Go to your Sporcle Settings to finish the process.